000
00334nam a2200145Ia 4500
008
150201s2005 xx 000 0 und d
082
_a
617.645
_b
P2005P
100
_a
PHINKHAM
245
_a
PEDIATRIC DENTISTRY
250
_a
4TH
260
_b
ELSEVIER
_a
DELHI
_c
2005
300
_a
1-750
650
_a
PEDODONTICS
942
_2
ddc
_c
BK
_0
1
999
_c
3857
_d
3857